الثياب ، دفء و جمال / (رقم التسجيلة. 33230)

تفاصيل مارك
000 -LEADER
fixed length control field 00490nam a22001697a 4500
005 - DATE AND TIME OF LATEST TRANSACTION
control field 20251108165848.0
008 - FIXED-LENGTH DATA ELEMENTS--GENERAL INFORMATION
fixed length control field 250721s9999 xx 000 0 ara d
082 14 - DEWEY DECIMAL CLASSIFICATION NUMBER
Classification number ط/646/ثيا
245 10 - TITLE STATEMENT
Title الثياب ، دفء و جمال /
264 1# - PRODUCTION, PUBLICATION, DISTRIBUTION, MANUFACTURE, AND COPYRIGHT NOTICE
Place of production, publication, distribution, manufacture بيروت :
Name of producer, publisher, distributor, manufacturer دار شهرزاد،
Date of production, publication, distribution, manufacture, or copyright notice [19-].
300 ## - PHYSICAL DESCRIPTION
Extent 24ص:مص.
490 0# - SERIES STATEMENT
Series statement علوم و معارف
Volume/sequential designation 7
650 17 - SUBJECT ADDED ENTRY--TOPICAL TERM
Topical term or geographic name as entry element الثياب
653 ## - INDEX TERM--UNCONTROLLED
Uncontrolled term مرحلة ناشئون صغار (10-14 ) سنة
942 ## - ADDED ENTRY ELEMENTS (KOHA)
Source of classification or shelving scheme Dewey Decimal Classification
Koha item type كتب
المقتنيات
حالة السحب حالة الفقدان مصدر التصنيف حالة التلف غير قابل للإعارة المكتبة الرئيسية المكتبة الحالية موقع الرف تاريخ التزويد الرقم المتسلسل Total Checkouts رقم الإستدعاء الباركود تاريخ آخر ظهور تاريخ الفاتورة نوع المادة (كوها)
    Dewey Decimal Classification     المكتبة المركزية المكتبة المركزية   28/07/2025 1761263   ط/646/ثيا   28/07/2025 28/07/2025 كتب
    Dewey Decimal Classification     مكتبة الأميرة سلمى مكتبة الأميرة سلمى الإعارة 28/07/2025 568530   ط/646/ثيا 568530 28/07/2025 28/07/2025 كتب
Implemented & Customized by: BBB with SCIT (Smart Chains for Information Technology)

Powered by Koha